Normal view
MARC view
Entry Personal Name
001 - CONTROL NUMBER
- control field: 58367
003 - CONTROL NUMBER IDENTIFIER
- control field: dpl
005 - DATE AND TIME OF LATEST TRANSACTION
- control field: 20231108143505.0
008 - FIXED-LENGTH DATA ELEMENTS
- fixed length control field: 231108|| aca||aabn | a|a d
040 ## - CATALOGING SOURCE
- Original cataloging agency: dpl
- Transcribing agency: dpl
100 ## - HEADING--PERSONAL NAME
- Personal name: अनेजा,हरिवंश
670 ## - SOURCE DATA FOUND
- Source citation: Work cat.: (dpl)198558: अनेजा,हरिवंश, हिन्दी पर्यायवाची कोश/, 2021
